Are they a Jedi? - Statistics

General Stats
  • This quiz has been taken 97 times
  • The average score is 12 of 13
Answers on the Grid
Answers color-coded by a green-red scale on the quiz's grid according to % correct below.
Anakin Skywalker
Lando Calrissian
Ashoka Tano
Kit Fisto
Ki-Adi-Mundi
Chewbacca
Mace Windu
Han Solo
Darth Maul
Yoda
Emperor Palpatine
Kanan Jarrus
Moff Gideon
Ezra Bridger
Mandalorian
Jar Jar Binks
Qui Gonn Jinn
Padme
Obi-wan Kenobi
Luke Skywalker
Poe Dameron
Rey
R2D2
Luminara Unduli
 
Answer Stats
Answer % Correct
Yoda
97%
Rey
96%
Anakin Skywalker
95%
Luke Skywalker
95%
Mace Windu
95%
Ashoka Tano
93%
Obi-wan Kenobi
93%
Qui Gonn Jinn
93%
Ki-Adi-Mundi
92%
Luminara Unduli
88%
Kanan Jarrus
86%
Kit Fisto
86%
Ezra Bridger
81%
No matching quizzes found
Score Distribution
Percent of People with Each Score
Percentile by Number Answered
Your Score History
You have not taken this quiz